American Politics : (Record no. 13179)
[ view plain ]
| 000 -LEADER | |
|---|---|
| fixed length control field | 00915cam a2200229 4500 |
| 001 - CONTROL NUMBER | |
| control field | 2180143 |
| 005 - DATE AND TIME OF LATEST TRANSACTION | |
| control field | 19920608093243.4 |
| 008 - FIXED-LENGTH DATA ELEMENTS--GENERAL INFORMATION | |
| fixed length control field | 690911s1969 nyua | b 001 0 eng d |
| 010 ## - LIBRARY OF CONGRESS CONTROL NUMBER | |
| LC control number | 69018621 |
| 020 ## - INTERNATIONAL STANDARD BOOK NUMBER | |
| International Standard Book Number | 030785359 |
| 040 ## - CATALOGING SOURCE | |
| Original cataloging agency | DLC |
| Transcribing agency | DLC |
| Modifying agency | DLC |
| 050 00 - LIBRARY OF CONGRESS CALL NUMBER | |
| Classification number | JK271 |
| Item number | .M66 |
| 082 00 - DEWEY DECIMAL CLASSIFICATION NUMBER | |
| Classification number | 320.973 |
| Item number | MON |
| 100 1# - MAIN ENTRY--PERSONAL NAME | |
| Personal name | Monsma, Stephen V., |
| Dates associated with a name | 1936- |
| 9 (RLIN) | 10544 |
| 245 10 - TITLE STATEMENT | |
| Title | American Politics : |
| Remainder of title | A Systems Approach / |
| Statement of responsibility, etc | [by] Stephen V. Monsma. |
| 260 ## - PUBLICATION, DISTRIBUTION, ETC. (IMPRINT) | |
| Place of publication, distribution, etc | New York : |
| Name of publisher, distributor, etc | Holt, Rinehart and Winston, |
| Date of publication, distribution, etc | c1969. |
| 300 ## - PHYSICAL DESCRIPTION | |
| Extent | xiv, 399 p. : |
| Other physical details | illus. ; |
| Dimensions | 25 cm. |
| 504 ## - BIBLIOGRAPHY, ETC. NOTE | |
| Bibliography, etc | Includes bibliographical references and index. |
| 651 #0 - SUBJECT ADDED ENTRY--GEOGRAPHIC NAME | |
| Geographic name | United States |
| General subdivision | Politics and government |
| Chronological subdivision | 1945-1989. |
| 9 (RLIN) | 10545 |
| 942 ## - ADDED ENTRY ELEMENTS (KOHA) | |
| Source of classification or shelving scheme | Dewey Decimal Classification |
| Item type | Book - Borrowing |
| Withdrawn status | Item status | Source of classification or shelving scheme | Damaged status | Not for loan | Vendor | Home library | Current library | Shelving location | Date acquired | Source of acquisition | Total Checkouts | Total Renewals | Full call number | Barcode | Date last seen | Date last borrowed | Koha item type | Public note |
|---|---|---|---|---|---|---|---|---|---|---|---|---|---|---|---|---|---|---|
| Dewey Decimal Classification | Central Library | Central Library | First floor | 24/01/2010 | Donation | 4 | 2 | 320.973 MON | 000019152 | 11/10/2025 | 06/10/2025 | Book - Borrowing | Donated by Alaa Abd El- Ghany |